000 00999cam a2200313 a 4500
001 13455499
003 OSt
005 20230602104658.0
008 031009s2003 ke ab 000 0beng
010 _a 2003405843
020 _a9966951202
035 _a(DLC) 2003405843
040 _aDLC
_cDLC
_dDLC
042 _alcode
043 _af-ke---
082 _a920
_bMBU
100 1 _aMbugua, Ng'ang'a.
245 1 0 _aMwai Kibaki :
_beconomist for Kenya /
_cby Ng'ang'a Mbugua ; illustrated by George Obonyo.
260 _aNairobi :
_bSasa Sema Publications,
_cc2003.
300 _aviii, 85 p. :
_bill., maps ;
_c21 cm.
440 0 _aLion books
600 1 0 _aKibaki, Mwai,
_d1931-
650 0 _aEconomists
_zKenya
_vBiography.
650 0 _aStatesmen
_zKenya
_vBiography.
856 4 1 _3Table of contents
_uhttp://www.loc.gov/catdir/toc/fy044/2003405843.html
906 _a7
_bcbc
_corigode
_d2
_encip
_f20
_gy-gencatlg
942 _2ddc
_cBK
999 _c68
_d68